Szczegóły MARC21

Takie same, szersze, węższe : wycinanie, rysowanie, kolorowanie, nalepianie /

005 -DATA I CZAS OSTATNIEJ MODYFIKACJI [,]
    • @
    • pole kontrolne
    • 20070315155141.9
020 -Międzynarod. znormalizowany nr książki - ISBN [ , ]
    • a
    • Numer ISBN
    • 8302058998 Find
    • z
    • Błędny ISBN (P)
    • 8302059005 Find
040 -Instytucja sporządzająca opis [ , ]
    • a
    • Instytucja, która sporządziła opis (NP)
    • SZCZ U
    • c
    • Instytucja, która sporządziła rekord (NP)
    • SZCZ U
041 -Język dokumentu [0, ]
    • a
    • Język tekstu (P)
    • polski
    • h
    • Język tekstu oryginalnego i/lub pośredniego (P)
    • polski
942 -Rodzaj dokumentu [ , ]
    • c
    • Rodzaj dokumentu
    • Książka
100 -Hasło główne - nazwa osobowa [ , ]
    • a
    • Nazwa osobowa (NP)
    • REKŁAJTIS-ZAWADA AGNIESZKA
245 -Strefa tytułu i oznaczenia odpowiedzialności [1, ]
    • a
    • Tytuł
    • Takie same, szersze, węższe : Find
    • b
    • Ciąg dalszy tytułu (NP)
    • wycinanie, rysowanie, kolorowanie, nalepianie / Find
260 -Strefa adresu wydawniczego [ , ]
    • a
    • Miejsce wydania (P)
    • Warszawa :
    • b
    • Nazwa wydawcy (P)
    • Wydaw.Szkolne i Pedagog.,
    • c
    • Data wydania (P)
    • 1995.
300 -Strefa opisu fizycznego [ , ]
    • a
    • Określenie formy książki i/lub objętość (NP)
    • 56 s. :
    • b
    • Oznaczenie ilustracji (NP)
    • il.,rys. :
    • c
    • Format (NP)
    • 29 cm.
490 -Strefa serii i książki wielotomowej - forma nie do wyszukiwania [0, ]
    • a
    • Tytuł (P)
    • (Uczymy się w Domu i w Przedszkolu. 5-7 lat Find
080 -Uniwersalna Klasyfikacja Dziesiętna [ , ]
    • a
    • Symbol klasyfikacji
    • 372.3(076)
980 -Symbol UKD [ , ]
    • a
    • UKD
    • 372.3(076)
700 -Hasło dodatkowe - nazwa osobowa [ , ]
    • a
    • Nazwa osobowa (NP)
    • Zawada Agata Find
920 -ISBN [ , ]
    • a
    • ISBN
    • 83-02-05899-8 Find
    • z
    • Błędny ISBN
    • 83-02-05900-5 Find
Numer inwentarzowy Status udost. Data inwentaryzacji Lokalizacja
Pd.906311996-07-22BG
Pd.927311996-11-20BNS